01552nam a2200373 a 4500001001000000003000500010005001700015008004100032010001100073011001100084040000900095090001000104100004900114245016300163260004100326500006000367502005900427590004100486590004100527590004000568590004000608650002600648650002700674650002500701650002700726650003700753856007000790901000700860942001000867942000600877999001900883952013600902952014001038000108850CHAP20220329144026.0140317s2013 mx sm |||||||spa d a105312 a106284 cCHAP aTesis1 aJuárez Montaño, Janury Esmeralda912590110aPrincipales tendencias y comportamiento del consumo de carne en México, observandas en el año 2011h[En línea]cpor Yanury Esmeralda Juárez Montaño. aChapingo, Méx. :bEl autor,c2013. aPara ver el contenido del material haga clic en la liga aTesis (Ing. Agr. Esp. en Zootecnia) -- UACH. Zootecnia aBATCH-UPDb05c20140324lUCH01h1536 aBATCH-UPDb05c20141002lUCH01h0858 aE5765TAJb05c20140317lUCH01h0837 aE5765TAJb05c20140317lUCH01h083814aCarne de aves.91911414aCarne de cerdo.91913614aCarne de res.91919014aCarnexCalidad.91906414aCarnexConsumoxMéxico.919068 aFinding aiduhttp://10.13.5.2/tesis/sist108850.pdfzTeclea aquí aBK cTESIS n0 c105312d105312 00104054718TESISaBCbBCd2014-03-17fTESISl0oTesisp33724002388660r2019-12-31 00:00:00w2019-12-31yTESISzRecien adquirido 00102local4053708TESISaBCbBCcPA_TESISd2014-03-17fTESISl0oTesisp33724002388702r2019-12-31 00:00:00tc.2w2019-12-31yTESIS